Comparative law (Record no. 1158317)

MARC details
000 -LEADER
fixed length control field 00652nam a2200241Ia 4500
003 - CONTROL NUMBER IDENTIFIER
control field OSt
005 - DATE AND TIME OF LATEST TRANSACTION
control field 20221007080101.0
008 - FIXED-LENGTH DATA ELEMENTS--GENERAL INFORMATION
fixed length control field 221006b |||||||| |||| 00| 0 eng d
037 ## - SOURCE OF ACQUISITION
Terms of availability Textual
040 ## - CATALOGING SOURCE
Original cataloging agency FLL
Transcribing agency FLL
Language of cataloging eng
041 ## - LANGUAGE CODE
Source of code eng
Language code of text/sound track or separate title eng
100 ## - MAIN ENTRY--PERSONAL NAME
Personal name Jain D.C. Au.
245 #0 - TITLE STATEMENT
Title Comparative law
260 ## - PUBLICATION, DISTRIBUTION, ETC.
Place of publication, distribution, etc. New Delhi
Name of publisher, distributor, etc. Sterling Publishers Pvt. Ltd. India
Date of publication, distribution, etc. 1979
650 ## - SUBJECT ADDED ENTRY--TOPICAL TERM
Topical term or geographic name entry element Comparative law
9 (RLIN) 681818
700 ## - ADDED ENTRY--PERSONAL NAME
Personal name Mathur A.K. Au.
9 (RLIN) 694610
942 ## - ADDED ENTRY ELEMENTS (KOHA)
Classification part Zz7, L9
Koha item type Textual
Source of classification or shelving scheme Colon Classification (CC)
Holdings
Withdrawn status Lost status Source of classification or shelving scheme Damaged status Not for loan Home library Current library Date acquired Total Checkouts Full call number Barcode Date last seen Price effective from Koha item type
    Colon Classification (CC)     Faculty of Law Library Faculty of Law Library 2022-10-07   Zz7 L9 LL0759118 2022-10-07 2022-10-07 Textual
Copyright @ Delhi University Library System